Statistics for New Zealand General Knowledge

Click here to take the quiz!

General Stats

  • This quiz has been taken 152 times
    (144 since last reset)
  • The average score is 17 of 29

Answer Stats

HintAnswer% Correct
What is the largest city in New Zealand?Auckland
94%
What is the native language of New Zealand?Maori
93%
What is the capital of New Zealand?Wellington
91%
What is the common term for the people of New Zealand?Kiwis
89%
What is the largest city on the southern island of New Zealand?Christchurch
87%
What is the name of the tallest mountain in New Zealand?Aoraki / Mt Cook
70%
New Zealand was named after a region in this country.The Netherlands
70%
Queen of New Zealand.Queen Elizabeth II
68%
Sea separating New Zealand from Australia.Tasman Sea
67%
What is the name of New Zealand in the native language?Aotearoa
66%
This is located in the top-left corner of the flag.Union Jack
65%
This meringue like dessert was actually invented here, not in Russia.Pavlova
63%
What does the above mean in English?Land of the Long White Cloud
60%
What is the longest mountain range in New Zealand?Southern Alps
59%
First European to make it to New Zealand.James Cook
57%
Largest lake in New Zealand.Lake Taupo
57%
This famous explorer was born here.Edmund Hillary
56%
Tallest building in New Zealand.Skytower
55%
In 2015 New Zealand voted to change this.Flag
52%
North Island
51%
What are the two main islands of New Zealand?South Island
51%
Longest river in New Zealand.Waikato River
48%
City across the strait from the capital.Nelson
41%
Prime minister of New Zealand.John Key
36%
City located on lake Wakatipu.Queenstown
36%
These territories are sometimes considered independent countries.Niue
30%
Bay containing 140 subtropical islands.Bay of Islands
29%
Cook Islands
23%
They voted wether to keep it the same or change it to this.Silver Fern
12%

Score Distribution

Percentile by Number Answered

Percent of People with Each Score

Your Score History

You have not taken this quiz since the last reset